000 00724cam a22002294i 4500
999 _c57904
_d57904
001 18696213
005 20221110164856.0
008 150713s2015 enka b 001 0 eng
020 _a9780230220584x
041 _aeng
080 _a327(4) N-91
100 1 _aNugent, Neill.
_910877
245 1 4 _aThe European Commission /
_cNeill Nugent and Mark Rhinard.
250 _aSecond edition.
264 1 _aNew York, NY :
_bPalgrave Macmillan,
_c2015.
300 _a433 pages :
_billustrations ;
_c24 cm.
653 _aThe European Commission
653 _aევროკომისია
653 _aЕвропейская комиссия
700 1 _aRhinard, Mark,
_d
_910879
_eავტორი
942 _2udc
_cBK